000 02351cam a22005057a 4500
003 CHAP
005 20220329133759.0
008 971013s1981 mx r 00010 spa d
010 _a10796
011 _a11768
035 _a11076
040 _cCHAP
082 _a580.12
_bC6 1981
100 0 0 _aConzatti, Cassiano.
_927674
245 1 0 _aFlora taxonómica mexicana (plantas vasculares)
_c/por Casiano Conzatti
250 _a3 ed
260 _aMéxico :
_bIPN.,
_c1981
300 _a2 v.
505 _aContenido: v.1 Clave analítica de familias; pteridofitas o helechos; monocotiledoneas monaperiantadas. -- v.2 Monocotiledoneas, Deperiantadas-Superiovaricas e inferovarias
590 _aBATCH-UPD
_b10
_c20130110
_lUCH01
_h0226
590 _aBATCH-UPD
_b10
_c20130110
_lUCH01
_h1041
590 _aBATCH-UPD
_b10
_c20130409
_lUCH01
_h2248
590 _aBATCH-UPD
_b10
_c20130410
_lUCH01
_h1413
590 _aBATCH-UPD
_b10
_c20130914
_lUCH01
_h0727
590 _aCONVERSION
_b10
_c20130109
_lUCH01
_h1307
650 1 4 _aBotánica
_xClasificación.
_914516
650 1 4 _aBotánica
_zMéxico.
_914641
650 1 4 _aTracheophyta.
_9114572
710 0 _aCentro Nacional de Enseñanza Técnica Industrial. Guadalajara, Jal.
_921230
901 _aBK
942 _cLIBRO
949 _a580.12 C6 1981
_bBC
_cC
_d33724000517603
_eC
_fv.1 c.4
_h62651
_i11076
_si
949 _a580.12 C6 1981
_bBC
_cC
_d33724000517611
_eC
_fv.2 c.2
_h62648
_i11076
_si
949 _a580.12 C6 1981
_bBC
_cC
_d33724000517629
_eC
_fv.2 c.5
_h62654
_i11076
_si
949 _a580.12 C6 1981
_bBC
_cC
_d33724000517652
_eC
_fv.2 c.3
_h62650
_i11076
_si
949 _a580.12 C6 1981
_bBC
_cC
_d33724000531489
_eC
_fv.2 c.4
_h62652
_i11076
_si
949 _a580.12 C6 1981
_bBC
_cC
_d33724000632550
_eC
_fv.1 c.6
_h92021
_i11076
_sb
949 _a580.12 C6 1981
_bBC
_cC
_d33724000804746
_eC
_fv.2
_h62646
_i11076
_sb
949 _a580.12 C6 1981
_bBC
_cC
_d33724000826582
_eC
_fv.1
_h62645
_i11076
_sb
949 _a580.12 C6 1981
_bBC
_cC
_d33724000900775
_eC
_fv.1 c.3
_h62649
_i11076
_si
949 _a580.12 C6 1981
_bBC
_cC
_d33724000900833
_eC
_fv.1 c.2
_h62647
_i11076
_si
949 _a580.12 C6 1981
_bBC
_cC
_d33724000901427
_eC
_fv.1 c.5
_h62653
_i11076
_si
949 _a580.12 C6 1981
_bBC
_cC
_d33724002238644
_eC
_fv.1 c.7
_gDonaciØn
_h114360
_i11076
_sb
949 _a580.12 C6 1981
_bBC
_cC
_d33724002257983
_eC
_fv.2 c.6
_gDonaciØn
_h114834
_i11076
_sb
999 _c10796
_d10796